000 00722cam a2200241 4500500
005 20260405001637.0
041 _afre
042 _adc
100 1 0 _aDagognet, François
_eauthor
245 0 0 _aCinq méditations sur la mort - autrement dit sur la vie
260 _c2013.
500 _a25
690 _aCatherine Portevin
690 _aChristopher Hitchens
690 _aFrançois Cheng
690 _aMéditations
690 _aMort
690 _aSophie Lacroix
690 _aTao
690 _aTombeaux
786 0 _nPhilosophie magazine | 74 | 11 | 2013-11-01 | p. 60-63 | 1951-1787
856 4 1 _uhttps://shs.cairn.info/magazine-philosophie-magazine-2013-11-page-60?lang=fr&redirect-ssocas=7080
999 _c2049601
_d2049601